000 01214nam a2200313 i 4500
003 CO-ViRNBM
005 20220622153838.0
007 ta
008 220621s2002 sp ao||gr|||| 00| 0bspa d
020 _a9788497642897
040 _aCO-ViRNBM
_bspa
_cCO-ViRNBM
_erda
082 0 4 _a923.2
100 1 _aMontaño Orjuela, Santiago,
_d1965 -,
_eautor
_91
245 1 0 _aGandhi :
_bel mejor pensador del mundo /
_cSantiago Montaño Orjuela ; traducción María Lizcano Gracia ; ilustrador Omar Prieto.
250 _aSegunda edición ampliada
264 1 _aBarcelona, España :
_bEdimat Libros,
_c2002
300 _a193 páginas :
_bilustraciones y fotografías a color,
_c23 cm
336 _2rdacontenido
_atexto
_btxt
337 _2rdamedio
_asin mediación
_bn
338 _2rdasoporte
_avolumen
_bnc
490 0 _aGrandes biografías
504 _aIncluye referencias bibliográficas.
505 _aVolumen 1. Animales domésticos -- Volumen 2. Animales salvajes
600 1 4 _aGandhi, Mahatma,
_d1869-1948
_vBiografías
_92
650 1 7 _aPolíticos
_zIndia
_vBiografías
_2ARMARC
_93
700 1 _aLizcano Gracia, María
_eilustradora
_94
700 1 _aPrieto, Omar
_etraductor
_95
942 _2ddc
_cBK
999 _c9168
_d9168